Les prénoms des médaillés paralympiques français en 2024 - Statistiques

Statistiques générales
  • Ce quiz a été pris 13 fois
    7 depuis la dernière actualisation
  • Le résultat moyen est 32 sur 74
Statistiques - réponses
Discipline Médaille(s) Prénom et Nom % Correct
Badminton Or {Charles} Noakes
100%
Natation sportive Bronze {Kylian} Portal
100%
Tennis de table Argent {Lucas} Didier
100%
Badminton 1 x Or & 1 x bronze {Lucas} Mazur
100%
Cyclisme sur piste 2 x Or & 2 x bronze {Alexandre} Léauté
80%
Cyclisme sur route Bronze {Alexandre} Lloveras
80%
Natation sportive 3 x Argent & 1 x bronze {Alex} Portal
80%
Boccia Or {Aurélie} Aubert
80%
Tennis de table Bronze {Julien} Michaud
80%
Cyclisme sur route 1 x Or & 1 x argent {Kévin} Le Cunff
80%
Cyclisme sur piste 1 x or & 1 x Argent {Marie} Patouillet
80%
Cyclisme sur route 1 x or & 1 x Argent {Thomas} Peyroton-Dartet
80%
Triathlon Or {Alexis} Hanquinquant
60%
Triathlon Bronze {Antoine} Perel
60%
Athlétisme Bronze {Antoine} Praud
60%
Tennis de table Bronze {Clément} Berthier
60%
Natation sportive 1 x Or & 1 x bronze {Emeline} Pierre
60%
Cyclisme sur route 2 x Or & 1 x bronze {Florian} Jouanny
60%
Tennis de table Bronze {Florian} Merrien
60%
Cyclisme sur route 1 Or & 2 x Argent {Johan} Quaile
60%
Triathlon Or {Jules} Ribstein
60%
Cyclisme sur route 1 x Or & 2 x Argent {Loïc} Vergnaud
60%
Athlétisme Bronze {Manon} Genest
60%
Cécifoot Or {Martin} Baron
60%
Escrime Bronze {Maxime} Valet
60%
Canoë-kayak Argent {Nelia} Barbosa
60%
Canoë-kayak Bronze {Rémy} Boullé
60%
Aviron Bronze {Rémy} Taranto
60%
Athlétisme 2 x Argent {Timothée} Adolphe
60%
Natation sportive 1 x or & 2 x Argent {Ugo} Didier
60%
Escrime Bronze {Yohan} Peter
60%
Cyclisme sur route Or {Anaïs} Vincent
40%
Cécifoot Or {Benoit} Chevreau de Montlehu
40%
Escrime Bronze {Damien} Tokatlian
40%
Tennis de table Bronze {Esteban} Herrault
40%
Tennis de table 2 x Bronze {Fabien} Lamirault
40%
Tennis de table Bronze {Flora} Vautier
40%
Cécifoot Or {Frédéric} Villeroux
40%
Aviron Bronze {Grégoire} Bireau
40%
Natation sportive 1 x Argent & 1 x bronze {Hector} Denayer
40%
Cyclisme sur piste 3 x Argent {Heïdi} Gaugain
40%
Judo Argent {Hélios} Latchoumanaya
40%
Judo Bronze {Jason} Grandry
40%
Tir sportif Bronze {Jean-Louis} Michaud
40%
Natation sportive 2 x Bronze {Laurent} Chardard
40%
Cyclisme sur route 3 x Or {Mathieu} Bosredon
40%
Judo Argent {Sandrine} Martinet-Aurières
40%
Tir sportif 1 x or & 1 x Argent {Tanguy} de La Forest
40%
Aviron Bronze {Candyce} Chafa
20%
Judo Bronze {Cyril} Jonard
20%
Taekwondo Argent {Djelika} Diallo
20%
Cyclisme sur route 1 Or & 1 Bronze {Dorian} Foulon
20%
Cyclisme sur route Argent {Elie} de Carvalho
20%
Badminton Bronze {Faustine} Noël
20%
Cyclisme sur piste 1 x argent et 1 x Bronze {Gatien} Le Rousseau
20%
Athlétisme Argent {Gloria} Agblemagnon
20%
Athlétisme Argent Guide [Charles} Renard
20%
Triathlon Argent Guide {Cyril} Viennot
20%
Athlétisme Argent Guide {Jeffrey} Lami
20%
Cyclisme sur route Argent Guide {Mickaël} Guichard
20%
Cyclisme sur route Bronze Guide {Yoann} Paillot
20%
Cécifoot Or {Hakim} Arezki
20%
Cyclisme sur route Or {Joseph} Fritsch
20%
Escrime Bronze {Ludovic} Lemoine
20%
Tennis de table Bronze {Matéo} Bohéas
20%
Cécifoot Or {Mickaël} Miguez
20%
Triathlon Argent {Thibaut} Rigaudeau
20%
Cécifoot Or {Ahmed} Tidiane Diakité
0%
Cécifoot Or {Alessandro} Bartolomucci
0%
Cécifoot Or {Fabrice} Morgado
0%
Triathlon Bronze Guide [Yohan} Le Berre
0%
Cécifoot Or {Khalifa} Youmé
0%
Aviron Bronze {Margot} Boulet
0%
Aviron Bronze {Nathalie} Benoît
0%
Aucun quiz correspondant
Distribution des résultats
% des personnes avec chaque résultat
Percentile par nombre de réponses
Votre historique - résultats
Vous n’avez pas pris ce quiz depuis la dernière actualisation